书目信息 |
| 题名: |
人工智能
|
|
| 作者: | 卡伦, 著 ;黄厚宽 , 田盛丰 译 | |
| 分册: | ||
| 出版信息: | 北京 电子工业出版社 2004.07 |
|
| 页数: | 414页 | |
| 开本: | 26cm | |
| 丛书名: | 国外计算机科学教材系列 | |
| 单 册: | ||
| 中图分类: | TP18 | |
| 科图分类: | ||
| 主题词: | 人工智能--教材 | |
| 电子资源: | ||
| ISBN: | 7-5053-9923-3 | |
| 000 | 01222nam 2200325 450 | |
| 001 | 0134337296 | |
| 005 | 20050624092615.04 | |
| 010 | @a7-5053-9923-3@dCNY42.00 | |
| 100 | @a20050315d2004 km y0chiy0120 ea | |
| 101 | 1 | @achi@ceng |
| 102 | @aCN@b110000 | |
| 105 | @aa a 000yy | |
| 200 | 1 | @a人工智能@Aren gong zhi neng@d= Artificial intelligence@f(美) Rob Callan著@F(mei)Rob Callan zhu@g黄厚宽, 田盛丰等译@Ghuang hou kuan,tian sheng feng deng yi@zeng |
| 210 | @a北京@c电子工业出版社@d2004.07 | |
| 215 | @a414页@c图@d26cm | |
| 225 | 2 | @a国外计算机科学教材系列 |
| 305 | @a据2003年英文版译出 | |
| 306 | @a由PALGRAVE MACMILLAN授权电子工业出版社出版 | |
| 314 | @a责任者规范汉译姓: 卡伦 | |
| 320 | @a有书目 (第407-414页)。 | |
| 330 | @a本书探讨了工业和娱乐机器人的制造、宇宙飞船的自动控制、信用卡欺诈检测、保护网络免黑客攻击等在实际应用中用到的一系列AI技术等内容。 | |
| 410 | 0 | @12001 @a国外计算机科学教材系列 |
| 510 | 1 | @aArtificial intelligence@zeng |
| 606 | 0 | @a人工智能@x教材 |
| 690 | @aTP18@v4 | |
| 701 | 1 | @a卡伦,@Aka lun,@bR.@g(Callan, Rob)@4著 |
| 702 | 0 | @a黄厚宽@Ahuang hou kuan@4译 |
| 702 | 0 | @a田盛丰@Atian sheng feng@4译 |
| 801 | 0 | @aCN@bRULIN@c20050624 |
| 905 | @a10447@dTP18@eK065 | |
| 人工智能= Artificial intelligence/(美) Rob Callan著/黄厚宽, 田盛丰等译.-北京:电子工业出版社,2004.07 |
| 414页:图;26cm.-(国外计算机科学教材系列) |
| ISBN 7-5053-9923-3:CNY42.00 |
| 本书探讨了工业和娱乐机器人的制造、宇宙飞船的自动控制、信用卡欺诈检测、保护网络免黑客攻击等在实际应用中用到的一系列AI技术等内容。 |
| ● |
| 相关链接 |
|
|
|
正题名:人工智能
索取号:TP18/K065
 
预约/预借
| 序号 | 登录号 | 条形码 | 馆藏地/架位号 | 状态 | 备注 |
| 1 | 521014 | 205210145 | 自科库301/301自科库 101排9列4层/ [索取号:TP18/K065] | 在馆 | |
| 2 | 521015 | 205210154 | 自科库301/301自科库 101排9列4层/ [索取号:TP18/K065] | 在馆 |